000 00517nam a2200181Ia 4500
005 20250508160918.0
008 008 250505s9999 xx 000 0 eng d
037 _aTextual
040 _aFEDL
_beng
_cFEDL
041 _aeng
_2eng
084 _a920, MAH
_qFEDL
100 _aMahajan Vidya Dhar
245 0 _aLeaders of the nationalist movement
260 _aNew Delhi, India
_bSterling Publishers Private Limited
_c1975
300 _a311p.
942 _cTEXL
_h920, MAH
999 _c1367350
_d1367350